| 000 | 00970nam a2200229Ia 4500 | ||
|---|---|---|---|
| 999 |
_c52635 _d52635 |
||
| 001 | 19659 | ||
| 003 | GE_BSU | ||
| 005 | 20200314210036.0 | ||
| 008 | 181216s2013||||ge |||||||||||||| ||geo|| | ||
| 020 | _aISBN 978-99940-21-72-7 | ||
| 040 | _cGE_BSU | ||
| 041 | _ageo | ||
| 080 | _a005(0758.8) ქ-15 | ||
| 100 |
_aქავთარაძე, მედეა _97733 |
||
| 245 |
_aმენეჯმენტი : _b მენეჯმენტის ტექნოლოგიის საკითხები / _cმედეა ქავთარაძე ; რედ. გოდერძი ტყეშელაშვილი. |
||
| 264 |
_aბათუმი : _bაჭარა, _c2013. |
||
| 300 |
_a430 გვ. ; _c20 სმ. |
||
| 504 | _aგამოყ. ლიტ. გვ. 425 | ||
| 653 | _aმენეჯმენტი | ||
| 700 |
_aტყეშელაშვილი, გოდერძი _eრედაქტორი _97734 |
||
| 942 |
_cBK _2udc |
||